000 01012nam0a22002771 4500
001 rc\9631
005 20021204101833.3
010 _a5-7511-0211-8
_91000
035 _a(NLR Aleph) 005298857
090 _a6268100
_c6268100
100 _a20021204d1991 u |0rusy50 ca
101 0 _arus
102 _aRU
105 _aa |||||||||
200 1 _aДвухэтапное лечение острых пневмоний
_fТ.С. Агеева, Ю.Н. Штейнгардт, Т.Н. Зарипова
_gТом. гос. мед. ин-т
210 _aТомск
_cИзд-во Том. ун-та
_d1991
215 _a148, [4] с.
_cил.
_d20
320 _aБиблиогр.: с. 143-149
700 1 _aАгеева
_bТ. С.
_gТатьяна Сергеевна
701 1 _aШтейнгардт
_bЮ. Н.
_gЮрий Наумович
701 1 _aЗарипова
_bТ. Н.
_gТатьяна Николаевна
801 0 _aRU
_bNLR
_gpsbo
801 1 _aRU
_bELAR
_2rusmarc
852 _aNLR
_j91-3/4066
942 _cBOOK
980 _aNB